| 000 | 00000nam##2200000za#4500 |
| 001 | 9.638942 |
| 003 | CaOODSP |
| 005 | 20210624221925 |
| 007 | cr ||||||||||| |
| 008 | 150407|2011||||xxc|||||o f|0| 0 fre|d |
| 020 | |a978-1-100-96713-4 |
| 040 | |aCaOODSP|bfre |
| 043 | |an-cn--- |
| 086 | 1 |aCW66-292/2011F-PDF |
| 110 | 2 |aService canadien de la faune. |
| 245 | 10|aPlan de gestion de la Réserve nationale de faune de Vaseux-Bighorn |h[ressource électronique] |
| 260 | |aOttawa - Ontario : |bEnvironnement Canada. |cc2011. |
| 300 | |a64p.|bcarte, références, tableaux |
| 590 | |a15-05-Supp|b2015-03-31 |
| 691 | 07|aAire de conservation|2gcpds |
| 775 | 08|tVaseux-Bighorn National Wildlife Area management plan |w(CaOODSP)9.694769 |
| 856 | 40|ahttp://publications.gc.ca|qPDF|s839 Ko|uhttps://publications.gc.ca/collections/collection_2015/ec/CW66-292-2011-fra.pdf |